000 00335nam a2200145 4500
005 20260305131235.0
008 260305b |||||||| |||| 00| 0 eng d
020 _a9780470194966
_qHBK
041 _aENG
082 _a641.814
_b PET
100 _a James Peterson
245 _aSauces
260 _aCANADA
_bWILEY
_c2008
942 _cREF
999 _c616974
_d616974